| 000 | 01904nam0a2200289 i 4500 | ||
|---|---|---|---|
| 001 | RU\NLR\BIBL_A\010814776 | ||
| 005 | 20260409063442.0 | ||
| 010 | _a9785370036897 | ||
| 021 |
_aRU _b2015-47706 _92838 |
||
| 035 | _a(NLR Aleph) 010814776 | ||
| 090 |
_a10219062 _c10219062 |
||
| 100 | _a20150810d2015 u a0rusy50 ca | ||
| 101 | 0 | _arus | |
| 102 | _aRU | ||
| 105 | _ay|||n|||000yy | ||
| 200 | 1 |
_aГражданский процессуальный кодекс Российской Федерации _e[официальный текст _eпринят Государственной Думой 23 октября 2002 года _eодобрен Советом Федерации 30 октября 2002 года _eподписан Президентом РФ 14 ноября 2002 года № 138-Ф3 _e(в ред. федеральных законов от 30.06.2003 № 86-Ф3 ... от 06.04.2015 № 82-Ф3, _eс изм., внесенными постановлениями Конституционного Суда РФ от 18.07.2003 № 13-П ... от 22.04.2013 № 8-П) _eпо состоянию на 1 июня 2015 г.] |
|
| 210 |
_aМосква _cОмега-Л _d2015 |
||
| 215 |
_a160 с. _d20 |
||
| 225 | 1 | _aКодексы Российской Федерации | |
| 604 |
_171001$aРоссийская Федерация _1500##$aГражданский процессуальный кодекс$2nlr_sh2$3RU\NLR\AUTH\661262192 _3RU\NLR\AUTH\661262192 _aРоссийская Федерация _tГражданский процессуальный кодекс _92086065 |
||
| 686 | 1 | _aХ629.2-324.9(2Р) | |
| 740 | 1 |
_aРоссийская Федерация _tЗаконы _iГражданский процессуальный кодекс _3RU\NLR\AUTH\880379477 _9425338 |
|
| 942 | _cBOOK | ||
| 980 | _aNBR | ||